Städteraten - Indien - Statistiken

Allgemein
  • Dieses Quiz wurde 86 mal gespielt
  • Das Durchschnittsergebnis liegt bei 8 aus 15
Antwortstatistiken
Hint Antwort % Korrekt
Politisches Zentrum des Landes Delhi
97%
Riesige Hafenstadt am Indischen Ozean Mumbai
92%
Mutter Theresa wirkte hier jahrelang Kalkutta
87%
Hier steht Indiens berühmtestes Wahrzeichen Agra
82%
Drittgrößte Stadt des Landes Bangalore
72%
Frühere Bezeichnung der Stadt war Madras Chennai
69%
Hauptstadt der Region Rajasthan Jaipur
64%
Viertgrößte Stadt Indiens Hyderabad
62%
Wirtschaftszentrum der Region Gujarat Ahmedabad
59%
Selbstbezeichnung: Oxford of the East Pune
46%
Hier steht der Goldene Tempel, nahe Pakistan Amritsar
38%
Millionen Pilger wandern hierhin an den Ganges Varanasi
36%
Wüstenstadt in Rajasthan mit Zitadelle und Altstadt Jaisalmer
18%
Eine der ältesten Städte Südasiens, in Tamil Nadu Madurai
13%
Heiliger muslimischer Ort in Rajasthan Ajmer
8%
Keine übereinstimmenden Quizze gefunden
Verteilung der Resultate
Anzahl Personen mit jedem Resultat
Perzentil nach korrekt beantworteten Fragen
Ihre Resultats-Entwicklung
Sie haben dieses Quiz noch nicht gespielt